French Resistance Individuals versus the Company in French Corporate Life

Na minha lista:
Detalhes bibliográficos
Autor principal: Johnson, Michael
Formato: Livro
Idioma:inglês
Publicado em: London Cassell 1996
Edição:1. ed.
Assuntos:
Tags: Adicionar Tag
Sem tags, seja o primeiro a adicionar uma tag!

MARC

LEADER 00000nam a2200000 4500
001 c021721
005 20230110102724.4
020 |a 0-304-33912-1 
041 0 |a eng 
044 |a GB 
245 1 0 |a French Resistance  |b Individuals versus the Company in French Corporate Life  |c Michael Johnson 
250 |a 1. ed. 
264 1 |a London  |b Cassell  |c 1996 
300 |a 112 s. 
610 2 0 |a správanie 
610 2 0 |a spoločnosti 
610 2 0 |a spoločnosť 
610 2 0 |a kultúra podniková 
610 2 0 |a Francúzsko 
610 2 0 |a komunikácia 
610 2 0 |a osobnosť 
610 2 0 |a etika 
610 2 0 |a etika podnikateľská 
100 1 |a Johnson, Michael